Statistics for Supercell 2019 Trivia

Click here to take the quiz!

General Stats

  • This quiz has been taken 74 times
  • The average score is 9 of 21

Answer Stats

QuestionAnswer% Correct
Which Game Was Officially Released First?Clash Of Clans
73%
What's The Name Of The Last Goblin Base? (Clash Of Clans)Dragon's Lair
73%
Which Card Is Most Expensive (Clash Royale)Pekka
71%
Of The Following, Which Troop Has The Highest HP At Level 1? (Clash Of Clans)Golem
63%
Pick The Correct Order Of Ground Troops First-Last (Clash Of Clans)Barbarian, Archer, Giant, Wall Breaker, Goblin
62%
Which Of These Is The Final Arena Before Stages? (Clash Royale)Spooky Town
59%
Which Character Was Released Most Recently? (Brawl Stars)Leon
56%
Which Character Cannot Heal Using Their Attack/Super At Any Power? (Brawl Stars)Jessie
54%
Which Of These Maps Is Only Featured In Showdown? (Brawl Stars)Rock Wall Brawl
49%
How Many Gems Will You Receive For Being #1 Clan Global? Clash Of Clans)50,000
44%
Which Character Deals More Damage At Power 1? (Brawl Stars)Jessie
37%
How Many Trophies Are Required To Enter Electro Valley? (Clash Royale)3,300
32%
When Originally Introduced, What Rarity Was Bo? (Brawl Stars)Epic
27%
Which Character Deals Most Damage At Beginning Level? Clash Royale)Valkyrie
25%
What Is The Max Level For Mortar (Clash Of Clans)11
25%
How Many Lt. Hammerman "Boss Strategies" Will You Find (Boom Beach)10
22%
Which Of These Changes Will Not Be Featured In The Next Update? (Clash Royale)Giant HP Decrease
22%
How Many Threshholds Can You Pass For Colonel Gearheart? (Boom Beach)7
21%
How Many Standard Troops Exist? (Boom Beach)9
21%
Which Lt. Hammerman Quote Is Correct (Boom Beach)Grab all Power Stones! Drop everything else and let's get out of here!
17%
How Many Attacks Are Provided For Imitation Stages? (Boom Beach)8
13%

Score Distribution

Percentile by Number Answered

Percent of People with Each Score

Your Score History

You have not taken this quiz